| 000 | 01756na a2200421 4500 | ||
|---|---|---|---|
| 001 | 22962 | ||
| 003 | MIRAKIL | ||
| 005 | 20181213154915.0 | ||
| 008 | 170304b tu 000 0 | ||
| 035 | _a13419 | ||
| 040 |
_aMilas _btur _cTR-AnCHP |
||
| 041 | _atur | ||
| 082 |
_aCHP 324.9561 _bV36 2007/02 |
||
| 090 | _aCHP 324.9561 V36 2007/02 | ||
| 091 | _aARŞİV-SEÇMEN ARAŞTIRMALARI | ||
| 245 | _a[VERSO siyasal Araştırmalar Merkezi'nin bazı raporları] | ||
| 246 | _aCumhurbaşkanı seçimi | ||
| 260 |
_aAnkara _bVERSO Siyasal Araştırmalar Merkezi _cŞubat 2007 |
||
| 300 |
_akrş s. _c30 sm. |
||
| 500 | _aYerel numaradaki sayılar araştırmanın yapıldığı ayları temsil eder : Ocak -1 ; Şubat - 2 ; Mart - 3 ; Nisan - 4 ; Mayıs - 5; Haziran - 6 ; Temmuz - 7; Ağustos - 8; Eylül - 9; Ekim - 10; Kasım - 11 ; Aralık - 12. | ||
| 610 |
_aCHP _xKamuoyu araştırmaları _ySiyasal eğilim _zTürkiye |
||
| 650 |
_aSiyasal eğilim _xRaporlar _yAnaliz _zTürkiye |
||
| 650 |
_aKamuoyu araştırmaları _xSiyasal eğilim _zTürkiye |
||
| 650 |
_aKamuoyu araştırmaları _xCumhurbaşkanı seçimleri _zTürkiye |
||
| 650 |
_aKamuoyu araştırmaları _xSiyasal eğilim _zTürkiye |
||
| 651 |
_aTürkiye _xSiyaset ve yönetim _yRaporlar |
||
| 657 | _aCHP siyasi durum araştırması | ||
| 657 | _aCHP siyasal eğilim araştırması | ||
| 657 | _aCHP kamuoyu araştırması | ||
| 657 | _aCHP seçmen araştrması | ||
| 740 | _a2007 siyasal durum araştırması | ||
| 740 | _a2007 siyasal eğilim araştırmaları | ||
| 740 | _a2007 kamuoyu araştırmaları | ||
| 740 | _a2007 seçmen araştırmaları | ||
| 830 | _aCHP kamuoyu araştırmaları | ||
| 942 |
_2dcc _cBKS |
||
| 999 |
_c2980 _d2980 |
||